Name The 5 Stages Of Grief - Statistics

General Stats
  • This quiz has been taken 20 times
  • The average score is 4 of 5
Answer Stats
Hint Answer % Correct
Getting frustrated Anger
94%
Welcoming something Acceptance
88%
Not welcoming something Denial
81%
Trading for something Bargaining
75%
Something sad Depression
69%
No matching quizzes found
Score Distribution
Percent of People with Each Score
Percentile by Number Answered
Your Score History
You have not taken this quiz